Eastern Utah Libraries Catalog: Duchesne, Heber, Roosevelt, & Vernal

This is where i leave you (Record no. 286067)

MARC details
000 -LEADER
fixed length control field 03002ngm a22006012a 4500
005 - DATE AND TIME OF LATEST TRANSACTION
control field 20200320193533.0
007 - PHYSICAL DESCRIPTION FIXED FIELD--GENERAL INFORMATION
fixed length control field vd cvaizs
008 - FIXED-LENGTH DATA ELEMENTS--GENERAL INFORMATION
fixed length control field 140925s2014 xxu103 e vleng d
024 ## - OTHER STANDARD IDENTIFIER
Terms of availability 883929387908 (videorecording)
040 ## - CATALOGING SOURCE
Modifying agency MMLLC
245 00 - TITLE STATEMENT
Title This is where i leave you
Medium [videorecording] /
Statement of responsibility, etc [Director: Shawn Levy ; writer Jonathan Tropper].
250 ## - EDITION STATEMENT
Edition statement Widescreen ed.
260 ## - PUBLICATION, DISTRIBUTION, ETC. (IMPRINT)
Place of publication, distribution, etc [United States] :
Name of publisher, distributor, etc Warner Bros.,
Date of publication, distribution, etc 2015.
300 ## - PHYSICAL DESCRIPTION
Extent 1 videodisc (ca. 103 min.) :
Other physical details sd., col. ;
Dimensions 4 3/4 in.
336 ## - Content Type
Content type term two-dimensional moving image
337 ## - Media type
Media type term video
338 ## - Carrier type
Carrier type term videodisc
344 ## -
-- digital
-- optical
-- rda.
347 ## -
-- video file
-- DVD video
-- all regions
-- rda.
508 1# - CREATION/PRODUCTION CREDITS NOTE
Creation/production credits note Director, Shawn Levy.
511 1# - PARTICIPANT OR PERFORMER NOTE
Participant or performer note Adam Driver, Jane Fonda, Ben Schwartz, Tina Fey, Debra Monk, Rose Byrne, Corey Stoll, Timothy Olyphant, Jason Bateman, Dax Shepard, Kathryn Hahn, Connie Britton, Abigail Spencer.
520 ## - SUMMARY, ETC.
Summary, etc When their father passes away, four grown siblings, bruised and banged up by their respective adult lives, are forced to return to their childhood home and live under the same roof together for a week. Confronting their history and the frayed states of their relationships among the people who know and love them best, they ultimately reconnect in hysterical and emotionally affecting ways amid the chaos, humor, heartache and redemption that only families can provide.
520 1# - SUMMARY, ETC.
Summary, etc "...amusing in an appalling sort of way that it's difficult to not be at least partly won over by the brashness of the compulsively uncensored talk and behavior."--Hollywood Reporter.
520 1# - SUMMARY, ETC.
Summary, etc "...plenty of laughs..."--New York Post.
521 8# - TARGET AUDIENCE NOTE
Target audience note MPAA rating: R.
538 ## - SYSTEM DETAILS NOTE
System details note DVD, Ultraviolet, NTSC
546 ## - LANGUAGE NOTE
Language note English audio ; Spanish (Dolby Digital 5.1) ; English, French, Spanish subtitles.
650 #0 - SUBJECT ADDED ENTRY--TOPICAL TERM
Topical term or geographic name as entry element Divorced men
Form subdivision Fiction.
9 (RLIN) 5694278
650 #0 - SUBJECT ADDED ENTRY--TOPICAL TERM
Topical term or geographic name as entry element Fathers
General subdivision Death
Form subdivision Fiction.
9 (RLIN) 5674259
650 #0 - SUBJECT ADDED ENTRY--TOPICAL TERM
Topical term or geographic name as entry element Brothers and sisters
Form subdivision Fiction.
9 (RLIN) 5673852
650 #0 - SUBJECT ADDED ENTRY--TOPICAL TERM
Topical term or geographic name as entry element Families
Form subdivision Fiction.
9 (RLIN) 5674501
650 #0 - SUBJECT ADDED ENTRY--TOPICAL TERM
Topical term or geographic name as entry element Self-actualization (Psychology)
Form subdivision Fiction.
9 (RLIN) 5679125
655 #4 - INDEX TERM--GENRE/FORM
Genre/form data or focus term Comedy.
9 (RLIN) 5896604
655 #0 - INDEX TERM--GENRE/FORM
Genre/form data or focus term Psychological fiction.
9 (RLIN) 5673631
655 #0 - INDEX TERM--GENRE/FORM
Genre/form data or focus term Domestic fiction.
9 (RLIN) 5896605
655 #7 - INDEX TERM--GENRE/FORM
Genre/form data or focus term Feature films.
Source of term lcgft
9 (RLIN) 5896606
700 1# - ADDED ENTRY--PERSONAL NAME
Personal name Fonda, Jane.
9 (RLIN) 5896607
700 1# - ADDED ENTRY--PERSONAL NAME
Personal name Bateman, Jason.
9 (RLIN) 70200
700 1# - ADDED ENTRY--PERSONAL NAME
Personal name Shepard, Dax.
9 (RLIN) 5896608
700 1# - ADDED ENTRY--PERSONAL NAME
Personal name Fey, Tina.
9 (RLIN) 5896609
700 1# - ADDED ENTRY--PERSONAL NAME
Personal name Byrne, Rose.
9 (RLIN) 70377
700 1# - ADDED ENTRY--PERSONAL NAME
Personal name Olyphant, Timothy.
9 (RLIN) 69643
700 1# - ADDED ENTRY--PERSONAL NAME
Personal name Monk, Debra.
9 (RLIN) 5896610
700 1# - ADDED ENTRY--PERSONAL NAME
Personal name Hahn, Kathryn.
9 (RLIN) 5896611
700 1# - ADDED ENTRY--PERSONAL NAME
Personal name Stoll, Corey.
9 (RLIN) 5896612
700 1# - ADDED ENTRY--PERSONAL NAME
Personal name Britton, Connie.
9 (RLIN) 5746265
700 1# - ADDED ENTRY--PERSONAL NAME
Personal name Driver, Adam.
9 (RLIN) 5697178
700 1# - ADDED ENTRY--PERSONAL NAME
Personal name Schwartz, Ben.
9 (RLIN) 5896613
700 1# - ADDED ENTRY--PERSONAL NAME
Personal name Spencer, Abigail.
9 (RLIN) 5808172
942 ## - ADDED ENTRY ELEMENTS (KOHA)
Koha item type DVD
948 ## - LOCAL PROCESSING INFORMATION (OCLC); SERIES PART DESIGNATOR (RLIN)
Series part designator, SPT (RLIN) 03/06/2015
z (OCLC) Sirsi
996 ## -
-- 116274
-- 34301001412388
-- DVD
-- DVD
-- wcl
-- i
-- 16
-- 28.95
-- micro
-- Thi
-- 03/06/2015
-- 11/23/2019
-- 11/20/2019
Holdings
Withdrawn status Lost status Source of classification or shelving scheme Damaged status Not for loan Collection code Home library Current library Shelving location Date acquired Source of acquisition Cost, normal purchase price Total Checkouts Total Renewals Full call number Barcode Date last seen Date checked out Cost, replacement price Price effective from Koha item type
    Dewey Decimal Classification     Movies Wasatch County Library Wasatch County Library Audio Visual Area 03/06/2015   28.95 20 4 DVD Thi 34301001412388 03/07/2024 11/04/2022 28.95 03/20/2020 DVD
This project was made possible through a grant from the Institute of Museum and Library Service administered by the Utah State Library Division.

Wasatch County Library

  • 465 East 1200 South, Heber City, Utah 84032
  • Phone 435-654-1511 | Fax 435-654-6456

Hours

  • Monday - Friday 9:30 AM - 8:00 PM
  • Saturday 9:30 AM - 1:30 PM
  • Closed Sundays and Holidays